| 000 | 00500 a2200157 4500 | ||
|---|---|---|---|
| 001 | ART_13987 | ||
| 005 | 20260410161914.0 | ||
| 008 | 260409a | ||
| 245 | 1 | 0 | _aProceso de industrialización y proceso politico en america latina |
| 100 | 1 | _aBaño, Rodrigo | |
| 700 | 1 | _aBenavides, Leopoldo | |
| 700 | 1 | _aFaletto, Enzo | |
| 700 | 1 | _aFlisfich, Angel | |
| 700 | 1 | _aKirkwood, Julieta | |
| 773 | 0 |
_tRevista Paraguaya de Sociología _g- Año 18, Nº 50 (ene./mayo 1981) _wREV13424 |
|
| 999 |
_c27114 _d27114 |
||